000 00509nam a22001697a 4500
005 20251108170141.0
008 250721s2001 xx 000 0 ara d
082 1 4 _a211.6/هيا
100 1 _aهياجنة، محمد سليم
245 1 0 _aالإيضاح في الترادف /
264 1 _aاربد :
_bدار الكتاب للنشر و التوزيع،
_c2001.
300 _a141ص
650 1 7 _aالعلوم القرآنية
650 1 7 _aألفاظ القرآن
942 _2ddc
_cBK
999 _c40930
_d40930